La Celestina: tragicomedia de Calisto y Melibea

I tiakina i:
Ngā taipitopito rārangi puna kōrero
Kaituhi matua: Rojas, Fernando de (Author)
Hōputu: Pukapuka
Reo:Pāniora
I whakaputaina: Santiago Ercilla 1984
Rangatū:Los Mejores Libros de la Literatura Española, 8
Ngā marau:
Ngā Tūtohu: Tāpirihia he Tūtohu
Kāore He Tūtohu, Me noho koe te mea tuatahi ki te tūtohu i tēnei pūkete!

MARC

LEADER 00000cam a2200000 a 4500
001 UCX6240
003 CL-VaPUC
008 930505e19840000CL |||||||||||||||||spa|d
082 0 4 |a 862  |b ROJ  |2 21 
100 0 |a Rojas, Fernando de  |e author  |9 322679 
245 1 3 |a La Celestina: tragicomedia de Calisto y Melibea 
300 |a 254 p 
942 |c BK 
945 |d 19930505 00:00:00 
260 |a Santiago  |b Ercilla  |c 1984 
650 0 |a Drama español  |9 265098 
650 0 |a Literatura española  |9 306261 
583 |a last modification  |c 20130801 04:19:28  |k Rodrigo Vera 
490 0 |a Los Mejores Libros de la Literatura Española, 8 
999 |c 226295  |d 226293